|
|
|
|
| LEADER |
01381nam a2200337 a 4500 |
| 001 |
30774 |
| 003 |
BD-DhAAL |
| 005 |
20151223233011.0 |
| 008 |
151223s1994 nyu b 001 0 eng |
| 010 |
|
|
|a 93036929
|
| 020 |
|
|
|a 9780231100205 (alk. paper)
|
| 020 |
|
|
|a 9780231100212 (pbk.)
|
| 040 |
|
|
|a DLC
|c DLC
|d DLC
|d BD-DhAAL
|
| 050 |
0 |
0 |
|a JV51
|b .C73 1994
|
| 082 |
0 |
0 |
|a 325/.3
|2 20
|
| 999 |
|
|
|c 36437
|d 36437
|
| 999 |
|
|
|c 36437
|
| 999 |
|
|
|c 36437
|
| 245 |
0 |
0 |
|a Colonial discourse and post-colonial theory :
|b a reader /
|c edited and introduced by Patrick Williams and Laura Chrisman.
|
| 260 |
|
|
|a New York :
|b Columbia University Press,
|c 1994.
|
| 300 |
|
|
|a xii, 570 p. ;
|c 24 cm.
|
| 504 |
|
|
|a Includes bibliographical references (p. 551-561) and index.
|
| 541 |
|
|
|e 30774, 30775
|
| 650 |
|
0 |
|a Colonies.
|9 16925
|
| 650 |
|
0 |
|a Decolonization.
|9 16926
|
| 650 |
|
0 |
|a Postcolonialism.
|9 16927
|
| 700 |
1 |
|
|a Williams, Patrick,
|d 1951-
|9 16928
|
| 700 |
1 |
|
|a Chrisman, Laura.
|9 16929
|
| 942 |
|
|
|2 ddc
|c BK
|
| 952 |
|
|
|0 0
|1 0
|2 ddc
|4 0
|6 325_000000000000000__3_WIL
|7 0
|9 57340
|a BRACUL
|b BRACUL
|c GEN
|d 2015-12-22
|e Karim International
|g 4800.00
|l 2
|o 325.3 WIL
|p 3010030775
|r 2025-11-06
|s 2025-11-06
|t 2
|w 2015-12-22
|y BK
|
| 952 |
|
|
|0 0
|1 0
|2 ddc
|4 0
|6 325_000000000000000__3_WIL
|7 0
|9 57341
|a BRACUL
|b BRACUL
|c GEN
|d 2015-12-22
|e Karim International
|g 4800.00
|l 0
|o 325.3 WIL
|p 3010030774
|r 2015-12-22
|t 1
|w 2015-12-22
|y BK
|